=LDR 00000nam 2200000 4500 =001 000784 =005 20250711110657 =035 ##$$a 0010-0725000653 =007 ta =008 250711################a##########0#ind## =020 ##$$a 978-623-307-955-6 =082 ##$$a 398.209 598 =084 ##$$a 398.209 598 CLA b =100 #$$a Clare Verbeek =245 1#$$a Berbagai perasaan /$c Clare Verbeek =250 ##$$a Cetakan pertama =260 ##$$a Jakarta :$b Badan pengembangan dan pembinaan bahasa,$c 2022 =300 ##$$a 16 hlm : $b Ilus. ; $c 22,9 cm =650 #4$$a Cerita anak indonesia-terjemahan =650 #4$$a Literasi-bahan bacaan =700 #$$a Thembani Dladla =700 #$$a Zanele Buthelezi